[Event "PRO League Group Stage"]
[Site "chess.com INT"]
[Date "2017.02.11"]
[EventDate "2017.01.11"]
[Round "5"]
[Result "1/2-1/2"]
[White "Loek van Wely"]
[Black "Leinier Dominguez Perez"]
[WhiteElo "2695"]
[BlackElo "2739"]
[PlyCount "55"]

1. c4 c5 2. Nf3 Nf6 3. g3 Nc6 4. Bg2 d5 5. cxd5 Nxd5 6. Nc3 g6
7. h4 Bg7 8. h5 Bf5 9. Qb3 Ndb4 10. Kf1 Nc2 11. Ng5 Ne5
12. Rb1 Nd4 13. Qxb7 Rb8 14. Qxa7 O-O 15. hxg6 hxg6 16. Nge4
Ra8 17. Qxc5 Ra5 18. Qb4 Nec6 19. Qc4 Ne5 20. Qb4 Nec6 21. Qc4
Be6 22. Qd3 Ne5 23. Qe3 Ng4 24. Qd3 Ne5 25. Qe3 Ng4 26. Qd3
Ne5 27. Qe3 Ng4 28. Qd3 1/2-1/2

[Event "PRO League Group Stage"]
[Site "chess.com INT"]
[Date "2017.02.11"]
[EventDate "2017.01.11"]
[Round "5"]
[Result "0-1"]
[White "Ilias van der Lende"]
[Black "Leinier Dominguez Perez"]
[WhiteElo "2315"]
[BlackElo "2739"]
[PlyCount "124"]

1. e4 e5 2. Nf3 Nc6 3. d4 exd4 4. Nxd4 Bc5 5. Nxc6 bxc6 6. Nc3
Nf6 7. Bd3 O-O 8. O-O Re8 9. Qf3 d6 10. h3 h6 11. Re1 Rb8
12. Be3 Nd7 13. Bxc5 Nxc5 14. b3 a5 15. a4 Qg5 16. Bc4 Be6
17. Bxe6 Rxe6 18. g3 Rbe8 19. Re2 Qe5 20. Rae1 Qd4 21. Kg2 Nd7
22. Qe3 Qb4 23. Na2 Qa3 24. Nc3 Nc5 25. Qd4 Rb8 26. f4 Ree8
27. Nb1 Qb4 28. Qxb4 Rxb4 29. Kf3 Ne6 30. Kg2 g5 31. f5 Nc5
32. Nd2 Rd4 33. Nc4 Nxa4 34. Re3 Nc5 35. Nxa5 Rexe4 36. Rxe4
Nxe4 37. Nxc6 Rd2+ 38. Kf3 Nf6 39. Re2 Rd1 40. c4 Kf8 41. Re7
Rd3+ 42. Re3 Rd1 43. Re7 Ne8 44. Re3 Rf1+ 45. Kg2 Rxf5 46. b4
Rf6 47. b5 Re6 48. Ra3 Re4 49. Rc3 h5 50. Kf3 Nf6 51. Nb4 g4+
52. hxg4 hxg4+ 53. Kf2 Kg7 54. Nd5 Nxd5 55. cxd5 Rb4 56. Rxc7
Rxb5 57. Rc4 f5 58. Ke3 Rxd5 59. Kf4 Kf6 60. Ra4 Re5 61. Rd4
d5 62. Rd1 Re4# 0-1

[Event "PRO League Group Stage"]
[Site "chess.com INT"]
[Date "2017.02.11"]
[EventDate "2017.01.11"]
[Round "5"]
[Result "1-0"]
[White "Leinier Dominguez Perez"]
[Black "Miguoel Admiraal"]
[WhiteElo "2739"]
[BlackElo "2441"]
[PlyCount "83"]

1. e4 c6 2. d4 d5 3. e5 Bf5 4. Nf3 e6 5. Be2 Ne7 6. O-O Bg6
7. Nbd2 Nf5 8. Nb3 Nd7 9. a4 Rc8 10. a5 Be7 11. Bd2 O-O 12. a6
b6 13. c3 c5 14. Bb5 Bh5 15. h3 Nh4 16. g4 Nxf3+ 17. Qxf3 Bg6
18. Qe2 c4 19. Nc1 f5 20. f4 fxg4 21. hxg4 Be4 22. b3 cxb3
23. Nxb3 Rf7 24. Bd3 Bxd3 25. Qxd3 Rc4 26. Nc1 b5 27. Ne2 b4
28. Kg2 bxc3 29. Bxc3 Bb4 30. Bxb4 Rxb4 31. Rab1 Rxb1 32. Rxb1
Nb6 33. Kg3 Qc8 34. Rf1 g6 35. f5 exf5 36. gxf5 gxf5 37. Nf4
Rc7 38. Kh2 Rc3 39. Qd1 Kh8 40. Qh5 Rc2+ 41. Kh1 Qf8 42. Ng6+
1-0

[Event "PRO League Group Stage"]
[Site "chess.com INT"]
[Date "2017.02.11"]
[EventDate "2017.01.11"]
[Round "5"]
[Result "1-0"]
[White "Leinier Dominguez Perez"]
[Black "Quinten Ducarmon"]
[WhiteElo "2739"]
[BlackElo "2468"]
[PlyCount "69"]

1. e4 c6 2. d4 d5 3. e5 Bf5 4. Nf3 e6 5. Be2 Nd7 6. O-O h6
7. Nbd2 Qc7 8. Nb3 g5 9. Bd2 a5 10. a4 Ne7 11. Rc1 Bg7 12. Ne1
c5 13. c4 dxc4 14. Rxc4 b6 15. f4 Rd8 16. Nf3 Ng6 17. fxg5
hxg5 18. Bxg5 Ndxe5 19. Bxd8 Nxf3+ 20. Bxf3 Qxh2+ 21. Kf2 Kxd8
22. dxc5+ Ke7 23. Qd6+ Qxd6 24. cxd6+ Kxd6 25. Rd1+ Ke7
26. Rc7+ Kf6 27. g4 Ne5 28. gxf5 Nxf3 29. fxe6 Ng5 30. exf7
Rh2+ 31. Kg3 Rh3+ 32. Kg4 Rxb3 33. Rf1+ Kg6 34. Rc6+ Kh7
35. Rh1+ 1-0

[Event "PRO League Group Stage"]
[Site "chess.com INT"]
[Date "2017.02.15"]
[EventDate "2017.01.11"]
[Round "6"]
[Result "0-1"]
[White "Elias Oussedik"]
[Black "Leinier Dominguez Perez"]
[WhiteElo "2155"]
[BlackElo "2739"]
[PlyCount "52"]

1. d4 Nf6 2. c4 e6 3. Nf3 b6 4. g3 Bb7 5. Bg2 Be7 6. O-O O-O
7. Re1 Na6 8. Bg5 c5 9. Nc3 cxd4 10. Qxd4 h6 11. Be3 Nb4
12. Rac1 d5 13. cxd5 Nfxd5 14. Nxd5 Nxd5 15. Qe4 Rc8 16. Rxc8
Qxc8 17. Bd4 Qc4 18. Ne5 Qxa2 19. Nd7 Rd8 20. Qg4 g6 21. Qh3
Rxd7 22. Qxh6 Bf6 23. e4 Bxd4 24. exd5 Bxd5 25. Be4 Bxe4
26. Rxe4 Qb1+ 0-1

[Event "PRO League Group Stage"]
[Site "chess.com INT"]
[Date "2017.02.15"]
[EventDate "2017.01.11"]
[Round "6"]
[Result "1-0"]
[White "Leinier Dominguez Perez"]
[Black "Jorden van Foreest"]
[WhiteElo "2739"]
[BlackElo "2612"]
[PlyCount "135"]

1. e4 e5 2. Nf3 Nc6 3. Bb5 a6 4. Ba4 g6 5. c3 d6 6. d4 Bd7
7. O-O Bg7 8. Re1 Nf6 9. h3 b5 10. Bc2 O-O 11. Nbd2 Re8 12. a3
h6 13. Nf1 Nh5 14. Be3 Kh7 15. Qd2 Qf6 16. N1h2 Rad8 17. Ng4
Bxg4 18. hxg4 Nf4 19. b4 Kg8 20. a4 exd4 21. cxd4 Nh3+ 22. Kh2
Ng5 23. Nxg5 hxg5 24. Rad1 Rb8 25. axb5 axb5 26. Qc3 Rb6
27. Bb3 Qe7 28. f3 Ne5 29. Rc1 Rc6 30. Qd2 Nc4 31. Bxc4 Rxc4
32. Rxc4 bxc4 33. Bxg5 Qd7 34. Qc3 c5 35. Qxc4 d5 36. Qxc5
dxe4 37. Rxe4 Rxe4 38. fxe4 Bxd4 39. Qe7 Qxg4 40. Qd8+ Kh7
41. Qxd4 Qxg5 42. e5 Qh5+ 43. Kg1 Qe2 44. Qh4+ Kg8 45. Qd8+
Kh7 46. Qh4+ Kg8 47. Qf4 Kf8 48. Kh2 Ke7 49. Qf6+ Kf8 50. Qh8+
Ke7 51. Qh4+ Ke8 52. Qf4 Ke7 53. Kh3 Ke8 54. g4 g5 55. Qxg5
Qf3+ 56. Kh4 Qf2+ 57. Kh5 Qh2+ 58. Qh4 Qxe5+ 59. g5 Qe2+
60. Qg4 Qh2+ 61. Qh4 Qe2+ 62. Kh6 Qe6+ 63. Kg7 Qg6+ 64. Kh8
Qf5 65. Qh6 Qe5+ 66. Qf6 Qe4 67. Kg8 Qxb4 68. Qxf7+ 1-0

[Event "PRO League Group Stage"]
[Site "chess.com INT"]
[Date "2017.02.22"]
[EventDate "2017.01.11"]
[Round "7"]
[Result "0-1"]
[White "Alexander Yevgenyevich Stripunsky"]
[Black "Leinier Dominguez Perez"]
[WhiteElo "2536"]
[BlackElo "2739"]
[PlyCount "122"]

1. e4 e5 2. Nf3 Nc6 3. Bb5 a6 4. Ba4 Nf6 5. O-O Be7 6. Bxc6
dxc6 7. d3 Nd7 8. b3 O-O 9. Bb2 f6 10. Nbd2 Nc5 11. Kh1 Bg4
12. h3 Bh5 13. g4 Bf7 14. Ng1 Qd7 15. Qf3 Rad8 16. Ne2 Ne6
17. Nc4 h5 18. Ne3 Ng5 19. Qg3 hxg4 20. hxg4 Bc5 21. Bc1 Be6
22. f3 Kf7 23. Kg2 Rh8 24. f4 Rh3 25. fxg5 Rxg3+ 26. Nxg3 Bxg4
27. Rh1 fxg5 28. Nef5 Kg6 29. Bb2 Bd4 30. Bxd4 exd4 31. Raf1
Qe6 32. Rf2 Qe5 33. Nf1 Rf8 34. N1g3 c5 35. a4 b5 36. a5 Re8
37. Nf1 c4 38. Nh2 Bh5 39. Nf3 Bxf3+ 40. Rxf3 cxd3 41. cxd3 c5
42. Ng3 c4 43. Rf5 Qe7 44. bxc4 bxc4 45. dxc4 Rf8 46. Rd1 Rxf5
47. exf5+ Kf7 48. Rxd4 Qc5 49. Rd3 Qxc4 50. Rd7+ Kf8 51. Kh3
Qh4+ 52. Kg2 Qf4 53. Rd8+ Ke7 54. Rg8 g4 55. Rxg7+ Kf8 56. f6
Qf3+ 57. Kh2 Qf2+ 58. Kh1 Qxg3 59. Rg8+ Kf7 60. Rg7+ Kxf6
61. Re7 Qh3+ 0-1

[Event "PRO League Group Stage"]
[Site "chess.com INT"]
[Date "2017.02.22"]
[EventDate "2017.01.11"]
[Round "7"]
[Result "1/2-1/2"]
[White "Leinier Dominguez Perez"]
[Black "Joel Benjamin"]
[WhiteElo "2739"]
[BlackElo "2544"]
[PlyCount "142"]

1. e4 e5 2. Nf3 Nc6 3. Bb5 a6 4. Ba4 Nf6 5. O-O Be7 6. Re1 b5
7. Bb3 O-O 8. a4 b4 9. d3 d6 10. Nbd2 Be6 11. Bxe6 fxe6 12. c3
Rb8 13. Qe2 Kh8 14. d4 bxc3 15. bxc3 exd4 16. Nxd4 Qd7
17. Qxa6 Nxd4 18. cxd4 Ra8 19. Qc4 d5 20. exd5 exd5 21. Qc2
Bb4 22. Re2 Qg4 23. Qd3 Bc3 24. Ra3 Bb4 25. Ra2 c5 26. dxc5
Bxc5 27. h3 Qb4 28. Nb3 Ne4 29. Ba3 Bxf2+ 30. Rxf2 Nxf2
31. Bxb4 Nxd3 32. Bxf8 Rxf8 33. Rd2 Nb4 34. Rd4 Rb8 35. Nc5
Kg8 36. Kf2 Kf7 37. Nd7 Rb7 38. a5 Nc6 39. Rxd5 Ke6 40. Nc5+
Kxd5 41. Nxb7 Kc4 42. Ke3 Kb5 43. Ke4 Ka6 44. Nd6 Kxa5 45. Kd5
Nb4+ 46. Ke6 Nd3 47. g3 Kb6 48. Ne8 g6 49. Nf6 h5 50. Nd5+ Kc5
51. Ne7 Nf2 52. h4 Ne4 53. Nxg6 Nxg3 54. Ke5 Kc6 55. Nf4 Kd7
56. Nd5 Ke8 57. Nc3 Kf7 58. Kf4 Nf1 59. Ne4 Kg6 60. Kf3 Kf5
61. Ng3+ Nxg3 62. Kxg3 Ke4 63. Kg2 Kf4 64. Kf2 Kg4 65. Kg2
Kxh4 66. Kh2 Kg4 67. Kg2 h4 68. Kh2 h3 69. Kh1 Kg3 70. Kg1 h2+
71. Kh1 Kh3 1/2-1/2

[Event "PRO League Group Stage"]
[Site "chess.com INT"]
[Date "2017.02.22"]
[EventDate "2017.01.11"]
[Round "7"]
[Result "1-0"]
[White "Leinier Dominguez Perez"]
[Black "Praveen Balakrishnan"]
[WhiteElo "2739"]
[BlackElo "2465"]
[PlyCount "137"]

1. e4 c6 2. d4 d5 3. e5 Bf5 4. Nf3 e6 5. Be2 c5 6. Be3 cxd4
7. Nxd4 Ne7 8. O-O Nbc6 9. Bb5 Qc7 10. c4 dxc4 11. Na3 Be4
12. Nxc4 Ng6 13. Rc1 Be7 14. Nd6+ Bxd6 15. exd6 Qd7 16. Nb3
Bd5 17. Nc5 Qxd6 18. Nxb7 Qc7 19. Nd6+ Kf8 20. Qa4 Nge7
21. Qf4 f6 22. Rfd1 Rd8 23. Bc5 Kg8 24. Qg3 h5 25. h4 Qb8
26. Qa3 Rh6 27. Bd3 Ng6 28. Be3 Nxh4 29. Bxh6 gxh6 30. Be4
Qxd6 31. Rxd5 exd5 32. Qxd6 Rxd6 33. Rxc6 Rd7 34. Bd3 Kg7
35. b4 Ng6 36. Bf5 Rb7 37. Ra6 Ne7 38. Bd3 Rd7 39. b5 d4
40. a4 Kf7 41. Kf1 Ke8 42. Rxf6 Nd5 43. Rxh6 Nf4 44. Rh8+ Ke7
45. Rh7+ Kd6 46. Rxd7+ Kxd7 47. Be4 Kd6 48. a5 Ne6 49. b6 a6
50. Ke2 Nc5 51. Bd3 Nb7 52. Bxa6 Nxa5 53. Kd3 Nc6 54. Bb5 Ne5+
55. Kxd4 Ng4 56. f4 Nf6 57. Bc4 h4 58. f5 Kc6 59. Ke5 Ng4+
60. Kf4 Nf6 61. Kg5 Ne4+ 62. Kxh4 Kxb6 63. Bd3 Nd6 64. g4 Kc5
65. Kg5 Kd4 66. Bb1 Ke5 67. Kg6 Nc8 68. f6 Ke6 69. Bf5+ 1-0

[Event "St. Louis Rapid & Blitz (Blitz)"]
[Site "St Louis, MO USA"]
[Date "2017.08.18"]
[EventDate "2017.08.13"]
[Round "13"]
[Result "1-0"]
[White "Leinier Dominguez Perez"]
[Black "Fabiano Caruana"]
[WhiteElo "2739"]
[BlackElo "2807"]
[PlyCount "107"]

1. d4 d5 2. c4 e6 3. Nf3 Nf6 4. g3 Bb4+ 5. Bd2 Be7 6. Bg2 O-O
7. O-O Nbd7 8. Bf4 c6 9. Nc3 b6 10. cxd5 exd5 11. Rc1 Bb7
12. Qc2 Re8 13. Rfd1 Nf8 14. e4 dxe4 15. Ne5 Nd5 16. Nxe4 Ne6
17. Be3 Rc8 18. Qb3 Bf8 19. Nc3 Nxe3 20. fxe3 Rc7 21. Kh1 h5
22. Rf1 h4 23. gxh4 Qxh4 24. Nb5 cxb5 25. Rxc7 Bxg2+ 26. Kxg2
Qe4+ 27. Rf3 Bd6 28. Rcxf7 Bxe5 29. dxe5 Qg6+ 30. Kf2 Rc8
31. e4 Qh6 32. Kg2 Qg6+ 33. Kf2 Rc4 34. Qd3 Qh5 35. Kg2 Qg4+
36. Rg3 Qxe4+ 37. Qxe4 Rxe4 38. Rxa7 Re2+ 39. Kf1 Rxe5 40. Kf2
Rf5+ 41. Rf3 Rd5 42. Ke3 Nc5 43. Rg3 Ne6 44. Rb7 Re5+ 45. Kd2
Rh5 46. h3 Rd5+ 47. Kc1 Rd6 48. a3 Kh7 49. Re7 Kh6 50. Kb1 g5
51. Ka2 Kh5 52. Rb3 Nd4 53. Rd3 Kg6 54. Re4 1-0

[Event "Champions Showdown in Saint Louis (Rapid)"]
[Site "St Louis, MO USA"]
[Date "2017.11.09"]
[EventDate "2017.10.21"]
[Round "4.3"]
[Result "1-0"]
[White "Leinier Dominguez Perez"]
[Black "Wesley So"]
[WhiteElo "2739"]
[BlackElo "2788"]
[PlyCount "109"]

1. e4 e5 2. Nf3 Nc6 3. Bb5 Nf6 4. d3 Bc5 5. Nc3 O-O 6. Bxc6
dxc6 7. h3 Re8 8. Be3 Bd6 9. Ne2 c5 10. Ng3 a5 11. a4 Nd7
12. Nf5 Nf8 13. Nd2 Ne6 14. Nc4 Bf8 15. g4 Nd4 16. c3 Nxf5
17. gxf5 c6 18. Qc2 b5 19. Nd2 g6 20. fxg6 hxg6 21. O-O-O bxa4
22. Nc4 a3 23. bxa3 Rb8 24. h4 Bg4 25. Rdg1 Bh5 26. Rg3 Be7
27. Bg5 f6 28. Be3 Kh7 29. Rhg1 Qd7 30. f4 Red8 31. Bd2 exf4
32. Bxf4 Rb7 33. Qg2 Rg8 34. Qh3 Qxh3 35. Rxh3 a4 36. Kc2 Kg7
37. Rhg3 Kf7 38. Na5 Rb6 39. Nc4 Rb7 40. Bd6 Rd8 41. Bxe7 Kxe7
42. Rf1 Ke6 43. Re3 Rdb8 44. Rg1 Rd7 45. Rgg3 Rdb7 46. Rg1 Rd7
47. Rb1 Rxb1 48. Kxb1 Bd1 49. Kc1 Bb3 50. Nd2 c4 51. dxc4 Rb7
52. Rg3 Rh7 53. Nf3 Bxc4 54. Rxg6 Bd3 55. Ng5+ 1-0

[Event "Champions Showdown in Saint Louis (Rapid)"]
[Site "St Louis, MO USA"]
[Date "2017.11.09"]
[EventDate "2017.10.21"]
[Round "3.3"]
[Result "1/2-1/2"]
[White "Wesley So"]
[Black "Leinier Dominguez Perez"]
[WhiteElo "2788"]
[BlackElo "2739"]
[PlyCount "81"]

1. e4 e5 2. Nf3 Nc6 3. Bb5 Nf6 4. d3 Bc5 5. Bxc6 dxc6 6. Nbd2
Be6 7. O-O Bd6 8. d4 Nd7 9. dxe5 Nxe5 10. Nxe5 Bxe5 11. f4
Bd4+ 12. Kh1 f5 13. Qe2 O-O 14. Nf3 Bf6 15. Rd1 Qe8 16. e5 Be7
17. Nd4 Qf7 18. Nxe6 Qxe6 19. Be3 a6 20. c4 Rad8 21. h3 g6
22. b3 Kf7 23. Kh2 Rxd1 24. Rxd1 Rd8 25. g4 Rh8 26. Kg3 h5
27. gxf5 Qxf5 28. Qd3 Rd8 29. Qxf5+ gxf5 30. Rxd8 Bxd8 31. Bc5
b6 32. Ba3 c5 33. Bb2 Ke6 34. Bc3 Be7 35. Kf3 Bf8 36. Ke3 Be7
37. Be1 Kd7 38. Kd3 Ke6 39. Ke3 Kd7 40. Kd3 Ke6 41. Ke3
1/2-1/2

[Event "Champions Showdown in Saint Louis (Rapid)"]
[Site "St Louis, MO USA"]
[Date "2017.11.09"]
[EventDate "2017.10.21"]
[Round "2.3"]
[Result "1/2-1/2"]
[White "Leinier Dominguez Perez"]
[Black "Wesley So"]
[WhiteElo "2739"]
[BlackElo "2788"]
[PlyCount "82"]

1. e4 e5 2. Nf3 Nc6 3. Bb5 Nf6 4. d3 Bc5 5. Nc3 O-O 6. Bxc6
dxc6 7. Ne2 Re8 8. h3 a5 9. g4 Bb4+ 10. Bd2 Nd7 11. Ng3 Nf8
12. c3 Bc5 13. Be3 Bxe3 14. fxe3 c5 15. Qc2 Ng6 16. O-O-O Nh4
17. Rhf1 Nxf3 18. Rxf3 Ra6 19. Nf5 Bxf5 20. exf5 Qd5 21. Qa4
Qc6 22. Qxc6 Rxc6 23. a4 Kf8 24. Kc2 Rd6 25. e4 Red8 26. b3
Ke7 27. h4 h5 28. g5 c6 29. Rdf1 Kd7 30. Ra1 Kc7 31. Rg3 Ra8
32. Ra2 b5 33. Ra1 Kb6 34. c4 Rd7 35. Rgg1 Kc7 36. Ra2 Rdd8
37. Rga1 bxc4 38. bxc4 Rab8 39. Rf1 Rb4 40. Re1 Rdb8 41. Rf1
R8b7 1/2-1/2

[Event "Champions Showdown in Saint Louis (Rapid)"]
[Site "St Louis, MO USA"]
[Date "2017.11.09"]
[EventDate "2017.10.21"]
[Round "1.3"]
[Result "1/2-1/2"]
[White "Wesley So"]
[Black "Leinier Dominguez Perez"]
[WhiteElo "2788"]
[BlackElo "2739"]
[PlyCount "113"]

1. e4 e5 2. Nf3 Nc6 3. Bb5 Nf6 4. d3 Bc5 5. Bxc6 dxc6 6. Nbd2
Be6 7. O-O Bd6 8. d4 Nd7 9. dxe5 Nxe5 10. Nxe5 Bxe5 11. f4
Bd4+ 12. Kh1 f5 13. Qe2 O-O 14. Nf3 Bf6 15. e5 Be7 16. Rd1 Qe8
17. Nd4 Qf7 18. Nxe6 Qxe6 19. Be3 a6 20. c4 Rad8 21. Kg1 g6
22. h3 Rxd1+ 23. Rxd1 Rd8 24. Rxd8+ Bxd8 25. b3 Kf7 26. g4 Be7
27. Kg2 Ke8 28. Bf2 Kf7 29. Kg3 Ke8 30. Qe3 b6 31. Qf3 Kf7
32. Be3 Ke8 33. Bf2 Kf7 34. gxf5 gxf5 35. Kh2 Ke8 36. Bh4 Bb4
37. Bf6 Qd7 38. Qg2 Qd2 39. Qxd2 Bxd2 40. Kg3 Be1+ 41. Kf3 Kd7
42. Ke2 Bb4 43. Bh4 Bf8 44. Kf3 Bb4 45. Bg5 Be1 46. Bh6 Bb4
47. h4 Be1 48. h5 Bb4 49. a4 Bc3 50. Bf8 Bd2 51. Ba3 Bc3
52. Ke2 Ke6 53. Bf8 Kd7 54. Kd3 Be1 55. Ke2 Bc3 56. Kd3 Be1
57. Ke2 1/2-1/2

[Event "Champions Showdown in Saint Louis (Rapid G/20)"]
[Site "St Louis, MO USA"]
[Date "2017.11.10"]
[EventDate "2017.11.10"]
[Round "1.3"]
[Result "1/2-1/2"]
[White "Wesley So"]
[Black "Leinier Dominguez Perez"]
[WhiteElo "2788"]
[BlackElo "2739"]
[PlyCount "82"]

1. e4 e5 2. Nf3 Nc6 3. Bb5 Nf6 4. d3 Bc5 5. Nc3 O-O 6. Bxc6
dxc6 7. h3 Nd7 8. Be3 Bd6 9. Ne2 c5 10. Ng3 Nb8 11. Nf5 Nc6
12. g4 Be6 13. Ng5 a5 14. c3 a4 15. Qd2 b5 16. Rg1 Re8 17. Qe2
Bf8 18. Nxe6 Rxe6 19. h4 Qd7 20. h5 Rd8 21. O-O-O Ree8 22. Bg5
Rb8 23. h6 g6 24. Ne3 Be7 25. Bxe7 Nxe7 26. g5 Qe6 27. Kb1
Red8 28. Ng4 Nc6 29. Qe3 Qd6 30. Rgf1 b4 31. c4 Nd4 32. Rd2
Ne6 33. Qg3 Nf4 34. Re1 c6 35. Re3 a3 36. b3 Qd4 37. Rc2 Rd6
38. Nh2 Rd7 39. Ng4 Rd6 40. Nh2 Rd7 41. Ng4 Rd6 1/2-1/2

[Event "Champions Showdown in Saint Louis (Rapid G/20)"]
[Site "St Louis, MO USA"]
[Date "2017.11.10"]
[EventDate "2017.11.10"]
[Round "2.3"]
[Result "1-0"]
[White "Leinier Dominguez Perez"]
[Black "Wesley So"]
[WhiteElo "2739"]
[BlackElo "2788"]
[PlyCount "117"]

1. e4 e6 2. d4 d5 3. Nc3 Nf6 4. e5 Nfd7 5. f4 c5 6. Nf3 Nc6
7. Be3 a6 8. Qd2 b5 9. dxc5 Bxc5 10. Ne2 Qb6 11. Bxc5 Nxc5
12. Ned4 Bb7 13. Qe3 Rc8 14. Nxc6 Bxc6 15. b4 Na4 16. Qxb6
Nxb6 17. Nd4 Ke7 18. Kd2 Nc4+ 19. Bxc4 dxc4 20. Nxc6+ Rxc6
21. Kc3 Rd8 22. a4 Rc7 23. Rhd1 Rcd7 24. Rxd7+ Rxd7 25. axb5
axb5 26. Ra5 Rd5 27. Ra7+ Rd7 28. Ra6 g5 29. g3 h5 30. Rc6
gxf4 31. gxf4 h4 32. Rc5 Rb7 33. Kd4 Rd7+ 34. Ke3 Rb7 35. Ke4
Kd7 36. h3 Rb8 37. f5 exf5+ 38. Kxf5 Rb6 39. c3 Kd8 40. Kg5
Ke7 41. Kf5 Kd7 42. Rd5+ Ke7 43. Rc5 Kd7 44. Ke4 Ke6 45. Rd5
Rb8 46. Rd6+ Ke7 47. Kd4 Rg8 48. Rh6 Rg3 49. Rxh4 Rd3+ 50. Kc5
Rxc3 51. Kxb5 Ke6 52. Rxc4 Rxh3 53. Rc5 Rb3 54. Ka5 Kf5 55. b5
Ke4 56. b6 Ra3+ 57. Kb4 Ra1 58. Kb5 Kd4 59. Rc4+ 1-0

[Event "Champions Showdown in Saint Louis (Rapid G/20)"]
[Site "St Louis, MO USA"]
[Date "2017.11.10"]
[EventDate "2017.11.10"]
[Round "3.3"]
[Result "0-1"]
[White "Wesley So"]
[Black "Leinier Dominguez Perez"]
[WhiteElo "2788"]
[BlackElo "2739"]
[PlyCount "84"]

1. e4 e5 2. Nf3 Nc6 3. Bb5 Nf6 4. d3 Bc5 5. Nc3 Nd4 6. Nxe5
O-O 7. Bc4 d6 8. Nxf7 Rxf7 9. Bxf7+ Kxf7 10. h3 Qe8 11. Be3
Kg8 12. Ne2 Nxe2 13. Qxe2 Bb6 14. a3 Bd7 15. O-O d5 16. Bxb6
axb6 17. e5 Nh5 18. Qe3 Qg6 19. Rae1 Rf8 20. Kh2 Nf4 21. Qg3
Qh6 22. e6 Bxe6 23. Re5 Qf6 24. Rfe1 h6 25. d4 Bf7 26. c3 Bg6
27. Re7 Be4 28. Rxc7 Nh5 29. Qe5 Qxf2 30. Rg1 Rf5 31. Rc8+ Kh7
32. Qb8 Nf6 33. Rh8+ Kg6 34. Qg3+ Qxg3+ 35. Kxg3 Nh5+ 36. Kh2
Rf2 37. Rb8 Rxb2 38. Rxb7 Nf4 39. a4 Nxg2 40. a5 Kh5 41. Rxg7
Nf4+ 42. Kg3 Ne2+ 0-1

[Event "Champions Showdown in Saint Louis (Rapid G/20)"]
[Site "St Louis, MO USA"]
[Date "2017.11.10"]
[EventDate "2017.11.10"]
[Round "4.3"]
[Result "0-1"]
[White "Leinier Dominguez Perez"]
[Black "Wesley So"]
[WhiteElo "2739"]
[BlackElo "2788"]
[PlyCount "118"]

1. e4 e5 2. Nf3 Nf6 3. Nxe5 d6 4. Nf3 Nxe4 5. Nc3 Nf6 6. d4
Be7 7. Bg5 O-O 8. Qd2 Bf5 9. O-O-O Nbd7 10. h4 d5 11. Ne5 c6
12. f3 Nxe5 13. dxe5 Nd7 14. g4 Be6 15. Qh2 f6 16. exf6 Bxf6
17. Kb1 Qb8 18. Qd2 Be5 19. Bg2 Qc7 20. Ne2 Nb6 21. Nd4 Nc4
22. Qd3 Bf7 23. Bc1 Rae8 24. h5 Qb6 25. b3 Nd6 26. Rhe1 Bf6
27. Bb2 c5 28. Nf5 c4 29. Qd2 Nxf5 30. gxf5 Bxb2 31. Kxb2 Qf6+
32. c3 Bxh5 33. Qxd5+ Bf7 34. Qb5 a6 35. Qc5 Qg5 36. Qf2 cxb3
37. axb3 Qxf5 38. Qd4 h6 39. f4 Rxe1 40. Rxe1 b5 41. Bb7 a5
42. Re5 Qg4 43. Ka3 b4+ 44. cxb4 axb4+ 45. Kxb4 Bg6 46. Bd5+
Kh7 47. Bc4 Rxf4 48. Qd5 Bf7 49. Qd3+ Qg6 50. Qxg6+ Kxg6
51. Kb5 h5 52. Re1 h4 53. Bxf7+ Rxf7 54. b4 Kh5 55. Kc6 h3
56. b5 g5 57. b6 g4 58. Rd1 h2 59. Rd8 h1=Q+ 0-1

[Event "Champions Showdown in Saint Louis (Rapid G/20)"]
[Site "St Louis, MO USA"]
[Date "2017.11.10"]
[EventDate "2017.11.10"]
[Round "5.3"]
[Result "0-1"]
[White "Wesley So"]
[Black "Leinier Dominguez Perez"]
[WhiteElo "2788"]
[BlackElo "2739"]
[PlyCount "183"]

1. e4 e5 2. Nf3 Nc6 3. Bb5 Nf6 4. d3 Bc5 5. Bxc6 dxc6 6. Qe2
Nd7 7. Nbd2 f6 8. Nc4 Nf8 9. Be3 Bxe3 10. fxe3 Be6 11. Ncd2
Ng6 12. Qf2 c5 13. a4 Qd7 14. O-O O-O 15. b3 a6 16. Nh4 Nxh4
17. Qxh4 b5 18. Nf3 c4 19. bxc4 bxc4 20. d4 Bg4 21. Rfd1 exd4
22. Rxd4 Qe6 23. h3 c5 24. Rd2 Bxf3 25. gxf3 Rad8 26. Rad1
Rxd2 27. Rxd2 Qe5 28. Rd7 Kh8 29. Kg2 h6 30. Qg3 Qxg3+
31. Kxg3 Rb8 32. Rc7 Rb2 33. Rxc5 Rxc2 34. Rc6 c3 35. Rxa6 Ra2
36. Rc6 Rxa4 37. Rxc3 Ra1 38. f4 Kg8 39. Rc8+ Kf7 40. Rc7+ Kf8
41. h4 Rg1+ 42. Kf3 h5 43. Rc5 g6 44. f5 Rg4 45. Rc8+ Kf7
46. Rc7+ Kg8 47. Rc6 Kf7 48. Rc7+ Kg8 49. fxg6 Rxh4 50. Rf7
Rg4 51. Rxf6 Kg7 52. e5 Rxg6 53. Rf4 Rg5 54. Ke4 Rg6 55. Kd5
Ra6 56. Ke4 Rh6 57. Kd5 Ra6 58. e4 Ra5+ 59. Ke6 Ra6+ 60. Kf5
Kf7 61. Rh4 Rh6 62. Kg5 Rh8 63. Kf5 Rh6 64. Rf4 Ra6 65. Kg5+
Ke7 66. Rf6 Ra5 67. Kf5 Ra1 68. Rh6 Rf1+ 69. Kg5 Rg1+ 70. Kf4
Rf1+ 71. Ke3 Re1+ 72. Kd4 Rc1 73. Kd5 Rd1+ 74. Kc4 Rc1+
75. Kd3 Rd1+ 76. Ke2 Rh1 77. Kf3 Rf1+ 78. Kg3 Re1 79. Kf4 Rf1+
80. Kg5 Rg1+ 81. Kf4 Rf1+ 82. Kg3 Re1 83. Kf3 Rd1 84. Rxh5 Ke6
85. Rh6+ Kxe5 86. Ke3 Re1+ 87. Kd3 Rd1+ 88. Kc2 Rd6 89. Kb2
Rxh6 90. Kc3 Kxe4 91. Kc2 Ke5 92. Kb3 0-1

[Event "Champions Showdown in Saint Louis (Rapid G/20)"]
[Site "St Louis, MO USA"]
[Date "2017.11.10"]
[EventDate "2017.11.10"]
[Round "6.3"]
[Result "1/2-1/2"]
[White "Leinier Dominguez Perez"]
[Black "Wesley So"]
[WhiteElo "2739"]
[BlackElo "2788"]
[PlyCount "74"]

1. e4 e5 2. Nf3 Nf6 3. Nxe5 d6 4. Nf3 Nxe4 5. Nc3 Nf6 6. d4
Be7 7. Bg5 O-O 8. Qd2 Bf5 9. O-O-O Nbd7 10. Nh4 Be6 11. Bd3 c6
12. Nf5 Bxf5 13. Bxf5 Nd5 14. Bxe7 Nxe7 15. Qf4 Nxf5 16. Qxf5
d5 17. Rhe1 Re8 18. Qf4 Nf8 19. Rxe8 Qxe8 20. Qd2 Qd7 21. Re1
Re8 22. Rxe8 Qxe8 23. Qe2 Qxe2 24. Nxe2 Ne6 25. Kd2 Kf8
26. Ke3 Ke7 27. Nf4 Nxf4 28. Kxf4 Ke6 29. h4 f6 30. g4 g6
31. g5 Kf7 32. Kg4 Kg7 33. f4 f5+ 34. Kf3 b5 35. b4 a6 36. a3
h5 37. Ke3 Kg8 1/2-1/2

[Event "Champions Showdown in Saint Louis (Blitz)"]
[Site "St. Louis, MO USA"]
[Date "2017.11.11"]
[EventDate "2017.10.21"]
[Round "1.3"]
[Result "1/2-1/2"]
[White "Wesley So"]
[Black "Leinier Dominguez Perez"]
[WhiteElo "2788"]
[BlackElo "2739"]
[PlyCount "122"]

1. c4 e6 2. Nc3 d5 3. d4 Nf6 4. cxd5 Nxd5 5. e4 Nxc3 6. bxc3
c5 7. Nf3 cxd4 8. cxd4 Bb4+ 9. Bd2 Bxd2+ 10. Qxd2 O-O 11. Rc1
b6 12. Bd3 Ba6 13. Bxa6 Nxa6 14. O-O Qe7 15. Qe2 Qb7 16. Ne5
Rac8 17. h4 Nb8 18. Nc4 Qa6 19. Rc2 Nd7 20. e5 Rc7 21. Nd6
Qxe2 22. Rxe2 Nb8 23. f4 Rc3 24. f5 Nc6 25. fxe6 fxe6
26. Rxf8+ Kxf8 27. Rf2+ Kg8 28. Rf7 h6 29. h5 Nxd4 30. Rxa7
Nf5 31. Ra8+ Kh7 32. Re8 Ng3 33. Rxe6 Nxh5 34. Re8 Nf4 35. Kf2
Kg6 36. g3 Nd5 37. Re6+ Kh7 38. Re8 Kg6 39. g4 Ra3 40. e6 Nf6
41. Rf8 Ra7 42. Nf5 Nxg4+ 43. Kf3 Nf6 44. e7 Ra3+ 45. Ke2
Rxa2+ 46. Kf1 Ra1+ 47. Kf2 Ra2+ 48. Ke1 Ra1+ 49. Kd2 Ra2+
50. Kd3 Ra3+ 51. Kc2 Ra2+ 52. Kd3 Ra3+ 53. Kd4 Ra4+ 54. Kd3
Ra3+ 55. Ke2 Ra2+ 56. Kf1 Ra1+ 57. Kg2 Re1 58. Nh4+ Kh7
59. Nf5 Kg6 60. Nh4+ Kh7 61. Nf5 Kg6 1/2-1/2

[Event "Champions Showdown in Saint Louis (Blitz)"]
[Site "St. Louis, MO USA"]
[Date "2017.11.11"]
[EventDate "2017.10.21"]
[Round "2.3"]
[Result "1/2-1/2"]
[White "Leinier Dominguez Perez"]
[Black "Wesley So"]
[WhiteElo "2739"]
[BlackElo "2788"]
[PlyCount "62"]

1. e4 e6 2. d4 d5 3. Nc3 Nf6 4. e5 Nfd7 5. f4 c5 6. Nf3 Nc6
7. Be3 a6 8. Qd2 b5 9. dxc5 Bxc5 10. Ne2 O-O 11. Ned4 Qb6
12. c3 b4 13. Bd3 a5 14. O-O Ba6 15. Kh1 Bxd3 16. Qxd3 Qa6
17. Qc2 bxc3 18. bxc3 Rac8 19. Ng5 g6 20. Qf2 Nxd4 21. Bxd4 h6
22. Nf3 Bxd4 23. cxd4 Rc3 24. Qh4 Kg7 25. Qe7 Qc6 26. Rae1 Qc8
27. Rb1 Qd8 28. Qd6 Qc7 29. Qe7 Qd8 30. Qd6 Qc7 31. Qe7 Qd8
1/2-1/2